Statystyki dla Miasta w Kalifornii - quiz na mapie

Kliknij tutaj aby rozwiązać quiz!

Ogólne statystyki

  • Ten quiz został rozwiązany 55 razy
  • Średni wynik to 5 z 13

Odpowiedzi na mapie

Odpowiedzi skodowane kolorowo w zielono-czerwonej skali na mapie do tego quizu, zgodnie z poniższymi procentami.
 

Statystyki odpowiedzi

Odpowiedź% Poprawnych
San Francisco
64%
Los Angeles
62%
San Diego
51%
Sacramento
49%
San Jose
42%
South Lake Tahoe
33%
Fresno
31%
Santa Barbara
31%
Eureka
29%
Palm Springs
29%
Redding
29%
Bakersfield
24%
Monterey
24%

Rozkład punktacji

Percentyl według liczby udzielonych odpowiedzi

Procent ludzi z każdym wynikiem

Twoja historia wyników

Nie rozwiązałeś tego quizu